000 00428nam a22001577a 4500
003 OSt
005 20250630225218.0
008 250630b |||||||| |||| 00| 0 eng d
040 _cDLC
050 _aGLR61 PART I
_bK528.G4
100 _aEdited: N. Y. B. Adade
245 _aThe Ghana Law Reports 1961 Part I
260 _aAccra, Ghana ;
_bGhana Publishing Company Ltd. ;
_c1961
300 _axlvii, 512 pages
942 _2lcc
_cBK
_n0
999 _c6803
_d6803